[Event "Keres Memorial 31st"]
[Site "Vancouver"]
[Date "2006.05.22"]
[Round "7.2"]
[White "Meng, Fanhao"]
[Black "Berry, Jonathan"]
[Result "1/2-1/2"]
[WhiteElo "2240"]
[BlackElo "2246"]
[PlyCount "103"]
[EventDate "2006.05.19"]
[EventType "swiss"]
[EventRounds "7"]
[EventCountry "CAN"]
[SourceTitle "CBM 112 Extra"]
[Source "ChessBase"]
[SourceDate "2006.07.14"]
[SourceVersion "1"]
[SourceVersionDate "2006.07.14"]
[SourceQuality "1"]

1. e4 e5 2. Nf3 Nc6 3. Bc4 Nf6 4. Nc3 Bc5 5. d3 d6 6. Bg5 h6 7. Bh4 g5 8. Bg3 Be6 9. Bxe6 fxe6 10. Na4 Bb6 11. Nxb6 axb6 12. 0-0 Qe7 13. Re1 h5 14. h4 gxh4 15. Bxh4 Rg8 16. Qd2 Qg7 17. Qg5 Qxg5 18. Bxg5 Nd7 19. a3 Nd4 20. Nxd4 exd4 21. Bd2 Ne5 22. Kf1 Kd7 23. g3 Raf8 24. Ke2 h4 25. Bf4 Ng4 26. Rf1 e5 27. Bd2 Nh2 28. Rh1 hxg3 29. fxg3 Nf3 30. Bh6 Rf6 31. Rh3 Ke6 32. Rf1 Rh8 33. Rxf3 Rfxh6 34. Rxh6+ Rxh6 35. Kf1 Rh1+ 36. Kg2 Rb1 37. b3 b5 38. g4 Ra1 39. g5 Rxa3 40. Kg3 Ra8 41. Kg4 c5 42. g6 Ra1 43. Rf2 Rg1+ 44. Kh5 b4 45. Kh6 Rh1+ 46. Kg7 b5 47. Rf6+ Ke7 48. Rf7+ Ke6 49. Kg8 Rh2 50. g7 Rxc2 51. Kf8 Rg2 52. Re7+ 1/2-1/2

[Event "Keres Memorial 31st"]
[Site "Vancouver"]
[Date "2006.05.22"]
[Round "6.1"]
[White "Orlov, Georgi"]
[Black "Meng, Fanhao"]
[Result "1/2-1/2"]
[WhiteElo "2513"]
[BlackElo "2240"]
[PlyCount "118"]
[EventDate "2006.05.19"]
[EventType "swiss"]
[EventRounds "7"]
[EventCountry "CAN"]
[SourceTitle "CBM 112 Extra"]
[Source "ChessBase"]
[SourceDate "2006.07.14"]
[SourceVersion "1"]
[SourceVersionDate "2006.07.14"]
[SourceQuality "1"]

1. d4 d5 2. c4 Nc6 3. Nc3 dxc4 4. Nf3 Nf6 5. e4 Bg4 6. Be3 e6 7. Bxc4 Bb4 8. Qc2 0-0 9. Rd1 Qe7 10. Be2 Rfd8 11. 0-0 Ba5 12. h3 Bxf3 13. Bxf3 Bb6 14. e5 Nd5 15. Bxd5 exd5 16. f4 f6 17. Bf2 fxe5 18. dxe5 Qe6 19. Bxb6 axb6 20. Nb5 Rd7 21. Qb3 Rf8 22. g4 Kh8 23. Rde1 Qe7 24. e6 Qc5+ 25. Kh1 Re7 26. Rc1 Qb4 27. Qxb4 Nxb4 28. f5 c6 29. Nd6 Nd3 30. Rb1 Kg8 31. Rf3 Ne5 32. Re3 Rd8 33. Rxe5 Rxd6 34. Rbe1 h6 35. h4 Re8 36. g5 hxg5 37. hxg5 d4 38. Kg2 Kf8 39. Kf3 Ke7 40. Rh1 d3 41. Rd1 Red8 42. Rd2 Rd5 43. Rxd5 Rxd5 44. Kf4 g6 45. fxg6 Kxe6 46. g7 Kf7 47. Ke4 Rxg5 48. Rxd3 Kxg7 49. Rd7+ Kf6 50. Rxb7 Rb5 51. b3 Ke6 52. Kd4 Kd6 53. Kc4 Rc5+ 54. Kb4 Rb5+ 55. Kc3 c5 56. a3 Kc6 57. Ra7 Ra5 58. Rxa5 bxa5 59. Kc4 a4 1/2-1/2

[Event "Keres Memorial 31st"]
[Site "Vancouver"]
[Date "2006.05.20"]
[Round "2.3"]
[White "Meng, Fanhao"]
[Black "Yearwood, Roy"]
[Result "1-0"]
[WhiteElo "2240"]
[BlackElo "2065"]
[PlyCount "43"]
[EventDate "2006.05.19"]
[EventType "swiss"]
[EventRounds "7"]
[EventCountry "CAN"]
[SourceTitle "CBM 112 Extra"]
[Source "ChessBase"]
[SourceDate "2006.07.14"]
[SourceVersion "1"]
[SourceVersionDate "2006.07.14"]
[SourceQuality "1"]

1. e4 e6 2. Qe2 Nc6 3. Nf3 e5 4. g3 Bc5 5. Bg2 d6 6. 0-0 Bg4 7. c3 Qd7 8. Rd1 h5 9. b4 Bb6 10. b5 Nce7 11. d4 Ng6 12. Bb2 a6 13. bxa6 Rxa6 14. Nbd2 Ra4 15. Nc4 Ba7 16. dxe5 Qc6 17. Nxd6+ cxd6 18. Rxd6 Qc4 19. Qd1 Ra6 20. Rd8+ Ke7 21. Ba3+ Ke6 22. Qd7# 1-0

[Event "Wch U18"]
[Site "Belfort"]
[Date "2005.07.23"]
[Round "5"]
[White "Brkic, Ante"]
[Black "Meng, Fanhao"]
[Result "1-0"]
[WhiteElo "2477"]
[BlackElo "2270"]
[PlyCount "109"]
[EventDate "2005.07.19"]
[EventType "swiss"]
[EventRounds "11"]
[EventCountry "FRA"]
[SourceTitle "CBM 107 Extra"]
[Source "ChessBase"]
[SourceDate "2005.09.01"]
[SourceVersion "1"]
[SourceVersionDate "2005.09.01"]
[SourceQuality "1"]

1. e4 Nf6 2. e5 Nd5 3. d4 d6 4. Nf3 Bg4 5. Be2 e6 6. c3 Be7 7. h3 Bf5 8. 0-0 0-0 9. Qb3 Nb6 10. a4 a5 11. exd6 cxd6 12. Bf4 N8d7 13. Rd1 Nd5 14. Bh2 h6 15. Na3 N7f6 16. Nd2 Rb8 17. Nb5 g5 18. Qa3 Ne8 19. Bf3 Nf4 20. c4 Nc7 21. Qe3 Nxb5 22. axb5 Bc2 23. Rdc1 Bg6 24. Rd1 Bc2 25. Rf1 Bg6 26. Nb3 b6 27. Bxf4 gxf4 28. Qxf4 Bg5 29. Qg3 Bh4 30. Qh2 Bd3 31. Rfc1 d5 32. cxd5 Bxb5 33. dxe6 a4 34. Qe5 axb3 35. exf7+ Rxf7 36. Qxb5 Kh8 37. Qxb3 Rc7 38. Rxc7 Qxc7 39. Qe6 Qg7 40. Rc1 Rf8 41. Rc8 Bxf2+ 42. Kxf2 Qxd4+ 43. Ke1 Qb4+ 44. Rc3 Qh4+ 45. Kf1 Qg5 46. Rc8 Qb5+ 47. Kg1 Rxc8 48. Qxc8+ Kg7 49. Qc7+ Kh8 50. Qd8+ Kg7 51. Qe7+ Kg8 52. Bg4 h5 53. Be6+ Kh8 54. Qf8+ Kh7 55. Bf5+ 1-0

[Event "Wch U18"]
[Site "Belfort"]
[Date "2005.07.22"]
[Round "4"]
[White "Meng, Fanhao"]
[Black "Porat, Ido"]
[Result "1/2-1/2"]
[WhiteElo "2270"]
[BlackElo "2354"]
[PlyCount "93"]
[EventDate "2005.07.19"]
[EventType "swiss"]
[EventRounds "11"]
[EventCountry "FRA"]
[SourceTitle "CBM 107 Extra"]
[Source "ChessBase"]
[SourceDate "2005.09.01"]
[SourceVersion "1"]
[SourceVersionDate "2005.09.01"]
[SourceQuality "1"]

1. e4 c5 2. c3 d5 3. exd5 Qxd5 4. d4 e6 5. Nf3 Nf6 6. Bd3 Nc6 7. 0-0 Be7 8. Be3 cxd4 9. cxd4 0-0 10. Nc3 Qd6 11. Rc1 b6 12. Ne4 Nxe4 13. Bxe4 Bb7 14. Ne5 Na5 15. Bxb7 Nxb7 16. Qf3 Na5 17. Nc4 Nxc4 18. Rxc4 Rac8 19. Rfc1 Rxc4 20. Rxc4 Qd7 21. Qc6 Rd8 22. Qxd7 Rxd7 23. Rc8+ Bd8 24. Kf1 Kf8 25. Ke2 Ke8 26. Kd3 Rd5 27. Ra8 Rd7 28. a4 Ke7 29. Kc4 a5 30. Bf4 Rd5 31. Ra7+ Ke8 32. Be5 g6 33. Bc7 Rd7 34. Bb8 Bf6 35. Rxd7 Kxd7 36. Be5 Bxe5 37. dxe5 Kc6 38. f4 h6 39. g3 Kc7 40. Kb5 Kb7 41. h3 Kc7 42. Kc4 Kc6 43. b4 axb4 44. Kxb4 Kc7 45. Kc4 Kc6 46. Kb4 Kc7 47. Kc4 1/2-1/2

[Event "Keres Memorial 30th"]
[Site "Vancouver"]
[Date "2005.05.23"]
[Round "6"]
[White "Meng, Fanhao"]
[Black "Wu, Howard"]
[Result "1-0"]
[WhiteElo "2272"]
[BlackElo "2194"]
[PlyCount "79"]
[EventDate "2005.05.20"]
[EventType "swiss"]
[EventRounds "7"]
[EventCountry "CAN"]
[SourceTitle "CBM 106 Extra"]
[Source "ChessBase"]
[SourceDate "2005.07.01"]
[SourceVersion "1"]
[SourceVersionDate "2005.07.01"]
[SourceQuality "1"]

1. e4 c5 2. Nf3 Nc6 3. Bb5 g6 4. 0-0 Bg7 5. c3 e5 6. d3 Nge7 7. Be3 d6 8. d4 cxd4 9. cxd4 0-0 10. Nc3 Bg4 11. d5 Nd4 12. Be2 Nxe2+ 13. Nxe2 f5 14. Ng5 f4 15. f3 Nf5 16. exf5 Qxg5 17. fxg4 fxe3 18. Ng3 h5 19. Ne4 Qxg4 20. Qxg4 hxg4 21. fxg6 Rf4 22. Nxd6 Rd8 23. Nf5 e2 24. Rxf4 exf4 25. Kf2 Bxb2 26. Rb1 Re8 27. Re1 Re5 28. Nh6+ Kg7 29. Nxg4 Rxd5 30. Rxe2 Ba3 31. Kf3 Bd6 32. Re6 b5 33. Nf6 Rd3+ 34. Ke2 f3+ 35. gxf3 Ra3 36. Nh5+ Kf8 37. Rxd6 Rxa2+ 38. Rd2 Ra4 39. g7+ Kf7 40. Rd7+ 1-0

[Event "CAN-ch U18"]
[Site "Victoria"]
[Date "2005.03.25"]
[Round "4"]
[White "Bluvshtein, Mark"]
[Black "Meng, Fanhao"]
[Result "1-0"]
[WhiteElo "2523"]
[BlackElo "2272"]
[PlyCount "109"]
[EventDate "2005.03.24"]
[EventType "swiss"]
[EventRounds "7"]
[EventCountry "CAN"]
[SourceTitle "EXT 2006"]
[Source "ChessBase"]
[SourceDate "2005.11.24"]
[SourceVersion "1"]
[SourceVersionDate "2005.11.24"]
[SourceQuality "1"]

1. d4 d5 2. c4 c6 3. Nf3 Nf6 4. Nc3 a6 5. c5 Nbd7 6. Bf4 Nh5 7. e3 Nxf4 8. exf4 Qc7 9. Qd2 e6 10. Bd3 b6 11. cxb6 Nxb6 12. 0-0 Be7 13. Ne2 a5 14. Rfc1 Bd7 15. Ne5 f6 16. Nxd7 Qxd7 17. Qc3 Bd8 18. Qxc6 Rc8 19. Qxd7+ Kxd7 20. Rc5 Rxc5 21. dxc5 Na8 22. Bb5+ Ke7 23. a3 Nc7 24. Bd3 Kd7 25. b4 Be7 26. Rc1 axb4 27. axb4 e5 28. f3 Rb8 29. b5 Nxb5 30. Rb1 Kc6 31. Nc3 Bxc5+ 32. Kf1 Nxc3 33. Rxb8 exf4 34. h4 h5 35. Rg8 g5 36. hxg5 fxg5 37. Rg6+ Bd6 38. Rxg5 h4 39. Rg4 Kc5 40. Ke1 Na4 41. Rxh4 Nb6 42. Ke2 Nd7 43. Bf5 Nf6 44. Kd3 Be5 45. Rh8 Kd6 46. Ra8 Ke7 47. Ra7+ Kd6 48. Ra6+ Kc5 49. Bc8 Bb2 50. Bb7 Be5 51. Rc6+ Kb5 52. Re6 Bb2 53. Re2 Ba3 54. Kd4 Bc5+ 55. Ke5 1-0

[Event "CAN-ch U18"]
[Site "Victoria"]
[Date "2005.03.24"]
[Round "2"]
[White "Meng, Fanhao"]
[Black "Tayar, Jonathan"]
[Result "1-0"]
[WhiteElo "2272"]
[BlackElo "2162"]
[PlyCount "145"]
[EventDate "2005.03.24"]
[EventType "swiss"]
[EventRounds "7"]
[EventCountry "CAN"]
[SourceTitle "EXT 2006"]
[Source "ChessBase"]
[SourceDate "2005.11.24"]
[SourceVersion "1"]
[SourceVersionDate "2005.11.24"]
[SourceQuality "1"]

1. e4 c5 2. c3 d5 3. exd5 Qxd5 4. d4 Nf6 5. dxc5 Qxc5 6. Na3 Bd7 7. Be3 Qc7 8. Nf3 Nc6 9. Be2 Rd8 10. Qb3 e6 11. Nd4 Nd5 12. Nab5 Qb8 13. Bg5 Rc8 14. 0-0 Bc5 15. Bf3 Nde7 16. Rad1 a6 17. Na3 b5 18. Nxc6 Bxc6 19. c4 b4 20. Nc2 a5 21. Rd2 0-0 22. Bxe7 a4 23. Qd3 Bxe7 24. Bxc6 Rxc6 25. Qe4 Rc7 26. b3 axb3 27. axb3 Bf6 28. Rfd1 Bc3 29. Rd7 Qa7 30. Rxc7 Qxc7 31. g3 Qa5 32. Ne3 Qa2 33. Qc2 Qa8 34. Rd7 h6 35. Qd3 Bf6 36. h4 Qc6 37. Ng4 Bc3 38. Rd8 Rxd8 39. Qxd8+ Kh7 40. Qd3+ Kg8 41. Ne3 Qf3 42. c5 Qc6 43. Qd8+ Kh7 44. Qd6 Qe4 45. c6 Be5 46. Qc5 f5 47. c7 Bxc7 48. Qxc7 Qb1+ 49. Kg2 Qxb3 50. Qc4 Qxc4 51. Nxc4 g5 52. hxg5 hxg5 53. Kf3 Kg6 54. Ke3 g4 55. Kd4 Kf6 56. Kc5 b3 57. Kb4 f4 58. Kxb3 Kf5 59. Nd2 e5 60. Kc4 e4 61. Kd4 e3 62. fxe3 fxg3 63. Ne4 g2 64. Ng3+ Kg5 65. Ne2 Kh4 66. e4 Kh3 67. e5 Kh2 68. e6 g1Q+ 69. Nxg1 Kxg1 70. e7 g3 71. e8Q g2 72. Ke3 Kh1 73. Qh5+ 1-0

[Event "British Columbia-ch U20"]
[Site "Vancouver"]
[Date "2004.11.28"]
[Round "4"]
[White "Davies, Lucas"]
[Black "Meng, Fanhao"]
[Result "1/2-1/2"]
[WhiteElo "2112"]
[BlackElo "2286"]
[PlyCount "50"]
[EventDate "2004.11.26"]
[EventType "swiss"]
[EventRounds "5"]
[EventCountry "CAN"]
[SourceTitle "EXT 2006"]
[Source "ChessBase"]
[SourceDate "2005.11.24"]
[SourceVersion "1"]
[SourceVersionDate "2005.11.24"]
[SourceQuality "1"]

1. e4 e5 2. Nf3 Nc6 3. Bb5 a6 4. Ba4 Nf6 5. 0-0 Be7 6. Re1 b5 7. Bb3 0-0 8. c3 d6 9. h3 Nb8 10. d4 Nbd7 11. Nbd2 Bb7 12. Bc2 Re8 13. Nf1 Bf8 14. Ng3 c5 15. a4 Qc7 16. d5 c4 17. Be3 g6 18. Qe2 Bg7 19. Ra3 Nc5 20. Rea1 Nfd7 21. Nd2 Nb6 22. axb5 axb5 23. Rxa8 Rxa8 24. Rxa8+ Bxa8 25. b3 Bb7 1/2-1/2

[Event "Western Canadian op"]
[Site "Richmond"]
[Date "2004.07.17"]
[Round "9"]
[White "Van den Bersselaar, Jeroen"]
[Black "Meng, Fanhao"]
[Result "1/2-1/2"]
[WhiteElo "2189"]
[BlackElo "2286"]
[PlyCount "130"]
[EventDate "2004.07.09"]
[EventType "swiss"]
[EventRounds "10"]
[EventCountry "CAN"]
[SourceTitle "CBM 101 Extra"]
[Source "ChessBase"]
[SourceDate "2004.09.01"]
[SourceVersion "2"]
[SourceVersionDate "2004.09.01"]
[SourceQuality "1"]

1. d4 d5 2. c4 Nc6 3. cxd5 Qxd5 4. e3 e5 5. Nc3 Bb4 6. Bd2 Bxc3 7. bxc3 Qd6 8. Bd3 f5 9. f3 Nge7 10. Ne2 0-0 11. Qb1 Rb8 12. 0-0 Be6 13. Be1 b5 14. Bf2 Na5 15. Rd1 Nc4 16. e4 Qa3 17. d5 Bd7 18. Qb3 Qd6 19. Ng3 Nb6 20. Qb4 Qxb4 21. cxb4 f4 22. Nf1 Rfe8 23. Rac1 c6 24. dxc6 Bxc6 25. Bc5 Nbc8 26. Bc2 g6 27. Bb3+ Kg7 28. Be6 a6 29. Rd3 Kf6 30. Bb3 Kg7 31. Nd2 Rb7 32. Be6 Kf6 33. Bh3 Kf7 34. Nb3 Rc7 35. Na5 Ba8 36. Rcd1 h5 37. Rd7 Rxd7 38. Rxd7 g5 39. Bf5 Kf6 40. Bxe7+ Nxe7 41. Rd6+ Kg7 42. Re6 Kf7 43. Rxe5 Rd8 44. h4 gxh4 45. Bh3 Rd4 46. Re6 Rxb4 47. Rxa6 Bxe4 48. fxe4 Rxe4 49. Kf2 Nd5 50. Nb3 Nb4 51. Ra7+ Kg6 52. Nc5 Re5 53. Ne6 Nd3+ 54. Kg1 Re1+ 55. Kh2 Nf2 56. Nxf4+ Kg5 57. g3 hxg3+ 58. Kxg3 Nxh3 59. Nxh3+ Kf6 60. Ra6+ Ke5 61. Rb6 Rb1 62. Ng5 Kd5 63. Ne6 Kc4 64. Rc6+ Kd5 65. Ra6 b4 1/2-1/2

[Event "Western Canadian op"]
[Site "Richmond"]
[Date "2004.07.12"]
[Round "4"]
[White "Meng, Fanhao"]
[Black "Henson, Joshua"]
[Result "0-1"]
[WhiteElo "2286"]
[BlackElo "2036"]
[PlyCount "108"]
[EventDate "2004.07.09"]
[EventType "swiss"]
[EventRounds "10"]
[EventCountry "CAN"]
[SourceTitle "CBM 101 Extra"]
[Source "ChessBase"]
[SourceDate "2004.09.01"]
[SourceVersion "2"]
[SourceVersionDate "2004.09.01"]
[SourceQuality "1"]

1. b4 e5 2. Bb2 f6 3. a3 d5 4. e3 Be6 5. Nf3 Nd7 6. d4 e4 7. Nfd2 f5 8. c4 Ngf6 9. Nc3 c6 10. cxd5 Nxd5 11. Nxd5 Bxd5 12. Nb3 Nf6 13. Be2 h5 14. Rc1 a6 15. Nc5 Rb8 16. a4 Bd6 17. Qd2 Kf7 18. h3 Bc7 19. Qc2 f4 20. Kd2 g5 21. Bc4 Re8 22. Bxd5+ Qxd5 23. Qc4 Bd6 24. Qxd5+ Nxd5 25. Bc3 Kg6 26. Ke2 a5 27. bxa5 Bxc5 28. dxc5 Nxc3+ 29. Rxc3 Ra8 30. Rb1 Rxa5 31. Rxb7 Rxa4 32. Rc2 Re6 33. Rd7 Kf6 34. g4 hxg4 35. hxg4 f3+ 36. Kd2 Ra1 37. Rc1 Rxc1 38. Kxc1 Re5 39. Rd6+ Re6 40. Kc2 Rxd6 41. cxd6 Ke6 42. Kc3 c5 43. Kb3 Kxd6 44. Kc3 Kc7 45. Kb3 Kb6 46. Kc4 Kc6 47. Kc3 Kb5 48. Kb3 c4+ 49. Ka3 Ka5 50. Kb2 Kb4 51. Kc2 c3 52. Kc1 Kc5 53. Kb1 Kb5 54. Kc1 Kb4 0-1

[Event "Keres Memorial 29th"]
[Site "Vancouver"]
[Date "2004.05.23"]
[Round "4"]
[White "Meng, Fanhao"]
[Black "Sladek, Vaclav"]
[Result "1/2-1/2"]
[WhiteElo "2298"]
[BlackElo "2058"]
[PlyCount "64"]
[EventDate "2004.05.21"]
[EventType "swiss"]
[EventRounds "7"]
[EventCountry "CAN"]
[SourceTitle "CBM 100 Extra"]
[Source "ChessBase"]
[SourceDate "2004.07.06"]
[SourceVersion "2"]
[SourceVersionDate "2004.07.06"]
[SourceQuality "1"]

1. e4 c5 2. c3 Nf6 3. e5 Nd5 4. d4 cxd4 5. Nf3 e6 6. cxd4 Nc6 7. Nc3 d6 8. exd6 Qxd6 9. a3 Be7 10. Bd3 Nxc3 11. bxc3 e5 12. Bb2 exd4 13. cxd4 Be6 14. 0-0 0-0 15. Qd2 h6 16. Rad1 Bd5 17. Bb1 Rad8 18. Qd3 g6 19. Ne5 Nxe5 20. dxe5 Qb6 21. Qe2 Be6 22. Be4 Qb3 23. Rxd8 Rxd8 24. Rb1 Bc4 25. Qe1 Be6 26. h3 b5 27. Qc1 Qc4 28. Bf3 Bg5 29. Qxc4 Bxc4 30. Rd1 Rxd1+ 31. Bxd1 Bd2 32. Bd4 a5 1/2-1/2

[Event "British Columbia-ch"]
[Site "Vancouver"]
[Date "2004.04.11"]
[Round "5"]
[White "Meng, Fanhao"]
[Black "Marosi, Gyorgy"]
[Result "0-1"]
[WhiteElo "2298"]
[BlackElo "2131"]
[PlyCount "82"]
[EventDate "2004.04.09"]
[EventType "tourn"]
[EventRounds "7"]
[EventCountry "CAN"]
[SourceTitle "EXT 2006"]
[Source "ChessBase"]
[SourceDate "2005.11.24"]
[SourceVersion "1"]
[SourceVersionDate "2005.11.24"]
[SourceQuality "1"]

1. e4 c5 2. c3 Nf6 3. e5 Nd5 4. d4 cxd4 5. Nf3 e6 6. cxd4 b6 7. Nc3 Nxc3 8. bxc3 Qc7 9. Bd2 Bb7 10. Bd3 d6 11. 0-0 Nd7 12. Ng5 dxe5 13. Qh5 g6 14. Qh3 Be7 15. Rfe1 Qd8 16. Qg4 h5 17. Qg3 h4 18. Qg4 Nf6 19. Qh3 e4 20. Bb5+ Kf8 21. f3 Qd5 22. Bf1 exf3 23. Re5 Qd6 24. Rae1 Bd5 25. Nxf3 Nh5 26. c4 Bxf3 27. Qxf3 Kg7 28. Bc3 Bf6 29. c5 Qc7 30. cxb6 axb6 31. d5 Ra3 32. R5e3 Rxc3 33. Rxc3 Bxc3 34. Rd1 Qc5+ 35. Qf2 exd5 36. Qxc5 bxc5 37. Be2 Bd4+ 38. Kf1 Nf4 39. Bd3 Re8 40. g3 hxg3 41. hxg3 Ne6 0-1

[Event "Vancouver Class-ch"]
[Site "Vancouver"]
[Date "2004.02.01"]
[Round "4"]
[White "Milicevic, Dragoljub"]
[Black "Meng, Fanhao"]
[Result "1/2-1/2"]
[WhiteElo "2187"]
[BlackElo "2298"]
[PlyCount "135"]
[EventDate "2004.01.30"]
[EventType "swiss"]
[EventRounds "5"]
[EventCountry "CAN"]
[SourceTitle "EXT 2006"]
[Source "ChessBase"]
[SourceDate "2005.11.24"]
[SourceVersion "1"]
[SourceVersionDate "2005.11.24"]
[SourceQuality "1"]

1. Nf3 d5 2. c4 e6 3. g3 Nf6 4. Bg2 c5 5. 0-0 Nc6 6. b3 e5 7. cxd5 Nxd5 8. d3 f6 9. Bb2 Be6 10. Nc3 Qd7 11. Qd2 Be7 12. Ne1 g5 13. Nc2 Nxc3 14. Bxc3 h5 15. b4 h4 16. b5 Nd8 17. e3 Qxb5 18. d4 Qd7 19. dxe5 Qxd2 20. Bxd2 fxe5 21. Bc3 Bd6 22. f4 gxf4 23. gxf4 Rg8 24. Kh1 exf4 25. exf4 Rf8 26. Rae1 Rxf4 27. Rxf4 Bxf4 28. Bxb7 Nxb7 29. Rxe6+ Kd7 30. Rf6 Bd6 31. Kg2 Re8 32. Rf2 Re4 33. Bd2 Ra4 34. a3 Nd8 35. Kf3 Nc6 36. Ke2 Ke6 37. Bc1 Ne5 38. Rf4 Rxf4 39. Bxf4 Kf5 40. Bd2 Nc4 41. h3 Nxd2 42. Kxd2 Ke4 43. Ke2 Bf4 44. Ne1 c4 45. a4 a5 46. Nc2 c3 47. Na3 Kd4 48. Nc2+ Kc4 49. Ne1 Kb3 50. Kd3 Be5 51. Nc2 Bg3 52. Ne3 Bf2 53. Nc4 Be1 54. Nxa5+ Kxa4 55. Nc6 Kb3 56. Nd4+ Kb2 57. Nc2 Bg3 58. Ne3 Kb3 59. Nc2 Be5 60. Ne1 Kb2 61. Nc2 Kc1 62. Ne3 Kb1 63. Nc2 Bf6 64. Ne3 Kc1 65. Nd5 Kd1 66. Nxc3+ Bxc3 67. Kxc3 Ke2 68. Kc2 1/2-1/2

[Event "CAN-ch U20"]
[Site "Calgary"]
[Date "2004.01.05"]
[Round "8"]
[White "Meng, Fanhao"]
[Black "Boik, Andrew"]
[Result "1-0"]
[WhiteElo "2273"]
[BlackElo "1980"]
[PlyCount "77"]
[EventDate "2004.01.??"]
[EventType "swiss"]
[EventRounds "9"]
[EventCountry "CAN"]
[SourceTitle "EXT 2005"]
[Source "ChessBase"]
[SourceDate "2004.11.15"]
[SourceVersion "1"]
[SourceVersionDate "2004.11.15"]
[SourceQuality "1"]

1. e4 c5 2. c3 d5 3. exd5 Qxd5 4. d4 Nf6 5. dxc5 Qxc5 6. Na3 a6 7. Be3 Qc7 8. Nf3 e5 9. Be2 Nbd7 10. Nc2 Bc5 11. 0-0 0-0 12. Bxc5 Nxc5 13. Ne3 Rd8 14. Qc2 Nd5 15. Nxd5 Rxd5 16. Bc4 Rd7 17. Nxe5 Re7 18. f4 Be6 19. Bxe6 Nxe6 20. g3 g5 21. Ng4 gxf4 22. Nf6+ Kg7 23. Nh5+ Kh8 24. Nxf4 Nxf4 25. Rxf4 Rae8 26. Qf2 Re2 27. Qd4+ R8e5 28. Raf1 Qc6 29. R4f2 R2e4 30. Qd8+ Re8 31. Qf6+ Qxf6 32. Rxf6 Re2 33. R1f2 Rxf2 34. Kxf2 Kg7 35. Rd6 Re5 36. Rd7 Rb5 37. b4 a5 38. a4 Rb6 39. b5 1-0

[Event "CAN-ch U20"]
[Site "Calgary"]
[Date "2004.01.04"]
[Round "6"]
[White "Meng, Fanhao"]
[Black "Davies, Noam"]
[Result "1-0"]
[WhiteElo "2273"]
[BlackElo "1948"]
[PlyCount "71"]
[EventDate "2004.01.??"]
[EventType "swiss"]
[EventRounds "9"]
[EventCountry "CAN"]
[SourceTitle "EXT 2005"]
[Source "ChessBase"]
[SourceDate "2004.11.15"]
[SourceVersion "1"]
[SourceVersionDate "2004.11.15"]
[SourceQuality "1"]

1. e4 c5 2. c3 e6 3. e5 d5 4. exd6 Bxd6 5. d4 cxd4 6. cxd4 Nf6 7. Nf3 0-0 8. Bd3 b6 9. 0-0 Bb7 10. Nc3 Nc6 11. a3 Rc8 12. Bg5 Be7 13. Rc1 Nd5 14. Be3 Qd7 15. Qe2 Rfd8 16. Rfd1 Bd6 17. Nxd5 exd5 18. Ng5 h6 19. Qh5 Qe7 20. Re1 Nxd4 21. Rcd1 Ne6 22. Nxe6 fxe6 23. Qg6 Rc7 24. Bxh6 Qf7 25. Qh7+ Kf8 26. Bg5 Rdd7 27. Bg6 Qg8 28. Qxg8+ Kxg8 29. Rxe6 Rc8 30. Be8 Rdc7 31. Ba4 Bf8 32. Bb3 Rd7 33. Re5 Rc5 34. Be3 Rb5 35. Ba4 d4 36. Bxb5 1-0

[Event "British Columbia op"]
[Site "Victoria"]
[Date "2003.10.11"]
[Round "1"]
[White "Meng, Fanhao"]
[Black "Yip, Michael"]
[Result "1-0"]
[WhiteElo "2298"]
[BlackElo "2108"]
[PlyCount "57"]
[EventDate "2003.10.10"]
[EventType "swiss"]
[EventRounds "7"]
[EventCountry "CAN"]
[SourceTitle "EXT 2005"]
[Source "ChessBase"]
[SourceDate "2004.11.15"]
[SourceVersion "1"]
[SourceVersionDate "2004.11.15"]
[SourceQuality "1"]

1. e4 c6 2. c4 d6 3. d4 e5 4. Nc3 Nf6 5. f3 Be7 6. Be3 Nbd7 7. d5 0-0 8. g4 Ne8 9. Nge2 g6 10. Qd2 Ng7 11. Bh6 Nb6 12. Ng3 cxd5 13. cxd5 Bd7 14. 0-0-0 Rc8 15. b3 a5 16. Kb2 a4 17. Bd3 Rc5 18. Be3 Rc8 19. h4 f6 20. h5 axb3 21. axb3 Na8 22. hxg6 hxg6 23. Bh6 Rf7 24. Qh2 Be8 25. Bd2 Rf8 26. Qh7+ Kf7 27. Rh6 Rg8 28. Rxg6 Kf8 29. Rxg7 1-0

[Event "Vancouver op 08"]
[Site "Vancouver"]
[Date "2003.08.04"]
[Round "5"]
[White "Meng, Fanhao"]
[Black "Jirka, Jiri"]
[Result "0-1"]
[WhiteElo "2288"]
[BlackElo "2400"]
[PlyCount "84"]
[EventDate "2003.08.02"]
[EventType "swiss"]
[EventRounds "6"]
[EventCountry "CAN"]
[SourceTitle "EXT 2008"]
[Source "ChessBase"]
[SourceDate "2007.11.25"]
[SourceVersion "1"]
[SourceVersionDate "2007.11.25"]
[SourceQuality "1"]

1. e4 e5 2. Nf3 Nc6 3. Bb5 Nd4 4. Nxd4 exd4 5. 0-0 Bc5 6. Bc4 Bb6 7. d3 Ne7 8. e5 d5 9. exd6 cxd6 10. Bg5 d5 11. Bb5+ Kf8 12. c3 f6 13. Bf4 g5 14. Bd2 Nf5 15. Ba4 h5 16. cxd4 Nxd4 17. Be3 Bg4 18. Qd2 Ne2+ 19. Kh1 Qd6 20. f3 Bc7 21. g3 Nxg3+ 22. hxg3 Qxg3 23. Qg2 Qh4+ 24. Kg1 Bh3 25. Bc5+ Kg7 26. Bf2 Bxg2 27. Bxh4 Bxf1 28. Kxf1 gxh4 29. Nc3 Rad8 30. Re1 Be5 31. Bb3 Bxc3 32. bxc3 Rhe8 33. Rxe8 Rxe8 34. Bxd5 b6 35. Be4 Re5 36. a4 Kh6 37. c4 Kg5 38. Kg2 Kf4 39. Kh3 f5 40. Bc6 Re1 41. d4 Rh1+ 42. Kg2 Rc1 0-1

[Event "CAN-op"]
[Site "Kapuskasing"]
[Date "2003.07.15"]
[Round "5"]
[White "Meng, Fanhao"]
[Black "Fierro Baquero, Martha Lorena"]
[Result "0-1"]
[WhiteElo "2247"]
[BlackElo "2334"]
[PlyCount "74"]
[EventDate "2003.07.??"]
[EventType "swiss"]
[EventRounds "10"]
[EventCountry "CAN"]
[SourceTitle "EXT 2006"]
[Source "ChessBase"]
[SourceDate "2005.11.24"]
[SourceVersion "1"]
[SourceVersionDate "2005.11.24"]
[SourceQuality "1"]

1. e4 d5 2. exd5 Qxd5 3. Nc3 Qa5 4. d4 c6 5. Nf3 Nf6 6. Be2 Bf5 7. 0-0 e6 8. Ne5 Nbd7 9. Nc4 Qc7 10. Bg5 Be7 11. Bh4 Nb6 12. Bg3 Qd8 13. Ne3 Bg6 14. Be5 Nbd7 15. f4 0-0 16. Bd3 Nxe5 17. dxe5 Bc5 18. Qf3 Bxd3 19. Rad1 Bxe3+ 20. Qxe3 Ng4 21. Qxd3 Qb6+ 22. Qd4 Ne3 23. Qxb6 axb6 24. Rd7 Nxf1 25. Kxf1 Rfd8 26. Rxb7 Rd2 27. Rxb6 Rxc2 28. Rxc6 Rxb2 29. a4 h6 30. h3 Rc2 31. Rc5 Rd8 32. Ke1 Rd3 33. Ne4 Rxg2 34. a5 Ra3 35. Kf1 Rb2 36. Rc1 Rxh3 37. Kg1 Ra3 0-1